000 00359nam a2200133Ia 4500
008 151001s9999||||xx |||||||||||||| ||und||
100 _aप्रकाश कदम
245 _aकातील
250 _a1
260 _bशब्दसन्मान प्रकाशन पुणे
260 _c1990
300 _a174
365 _b18
999 _c968367
_d968364